00868nam a2200229 a 4500001001000000003000500010005001700015008004100032010001100073011001100084040000900095100002900104245013800133260004100271500006000312502007700372650002400449650002700473650003400500650003400534856007000568000111462CHAP20220329144211.0150511s2015 mx |sm |||||||spa d a107924 a108896 cCHAP1 aHerrera Saucedo, Vanessa10aHuella genética de ocho razas de maíz del norte de México mediante microsatélitesh[En línea]cpor Vanessa Herrera Saucedo. aChapingo, Méx. :bEl autor,c2015. aPara ver el contenido del material haga clic en la liga aTesis (Ing. Agr. Esp. en Fitotecnia) -- UACH. Departamento de Fitotecnia14aMaízxAnálisis.14aMaízxComposición.14aMaízxGenéticazMéxico.14aMaízxVariedadeszMéxico. aFinding aiduhttp://10.13.5.2/tesis/sist111462.pdfzTeclea aquí